000
00290nam a22001337a 4500
008
171020b xxu||||| |||| 00| 0 eng d
020
_a
9780130618559
041
_a
eng
080
_a
338
100
_a
54
101
_a
mng
245
_a
ENTREPRENEURSHIP
_c
BARRINGER, B.R
942
_2
udc
_c
BK
999
_c
35150
_d
35150